000 00632nam a2200229Ia 4500
003 OSt
005 20220926043150.0
006 a|||||r|||| 00| 0
007 ta
008 220923b |||||||| |||| 00| 0 eng d
037 _cGeneral Book
040 _aRTL
_cRTL
_beng
041 _2eng
_aeng
082 _aO111,2J64,1, K6
100 _aShakespeare William
_9226
245 0 _aJulius Caesar Ed by A W Virity
250 _aRev 5th Ed
490 _apitt Press Shakespeare for Schools
650 _aLiterature
_9235005
942 _hO111,2J64,1, K6
_cGB
_2CC
999 _c671648
_d671648